|
|
|
|
| LEADER |
00000nab a2200000 a 4500 |
| 001 |
vtls009341738 |
| 003 |
SK-MaSNL |
| 005 |
20260305003410.0 |
| 008 |
250507c2007 xo |||||| a ||00 b|slo |
| 015 |
|
|
|a SNBRB2008/09
|2 snkbucl
|
| 035 |
|
|
|a (uuid)862c9827-5082-467b-a96d-4635b87f5a65
|
| 035 |
|
|
|a urn:nbn:sk:snk-ab13bc
|
| 035 |
|
|
|a (urnnbn)urn:nbn:sk:snk:ar-a03y4v
|
| 038 |
|
|
|a SNKBUCL
|
| 040 |
|
|
|a SNKBUCL
|b slo
|c SNKBUCL
|e AACR2
|
| 041 |
0 |
|
|a slo
|b ger
|
| 044 |
|
|
|a xo
|c SK
|
| 080 |
|
|
|a 902.2
|x (437.6)
|2 1997
|
| 100 |
1 |
|
|a Roth, Peter
|4 aut
|9 9023
|
| 245 |
1 |
0 |
|a Výskumy v Starej Ľubovni
|c Peter Roth - Pavol Mišenko
|
| 300 |
|
|
|b Mp. a tab. na s. 12-22, fotogr. a obr. na s. 199-291
|
| 546 |
|
|
|a Res. nem.
|
| 650 |
0 |
7 |
|a zemné práce
|2 snkbucl
|9 78695
|
| 650 |
0 |
7 |
|a sledovanie zemných prác
|2 snkbucl
|9 1471349
|
| 650 |
0 |
7 |
|a sídliská (archeológia)
|2 snkbucl
|9 67918
|
| 650 |
0 |
7 |
|a stredovek
|2 snkbucl
|9 4259
|
| 650 |
0 |
7 |
|a novovek
|2 snkbucl
|9 4260
|
| 650 |
0 |
7 |
|a archeologické výskumy
|2 snkbucl
|9 74796
|
| 651 |
|
7 |
|a Stará Ľubovňa (Slovensko)
|2 snkbucl
|9 19193
|
| 700 |
1 |
|
|a Mišenko, Pavol,
|d 1969-
|4 aut
|9 22367
|
| 773 |
0 |
|
|t Archeologické výskumy a nálezy na Slovensku v roku 2005
|d Nitra : Archeologický ústav SAV, 2007
|g S. 163-164
|x 0231-925X
|z 9788088709992
|
| 850 |
|
|
|a Slovenská národná knižnica
|
| 852 |
|
|
|a Slovenská národná knižnica
|
| 954 |
|
|
|a odborná, vedecká literatúra pôvodná (slovenská)
|2 lita
|
| 958 |
|
|
|a article2022
|
| 958 |
|
|
|a OND
|
| 958 |
|
|
|a EUIPO
|
| 999 |
|
|
|c 3230121
|d 3232051
|